• 首页
  • 本馆介绍
  • 公告通知
  • 最新文献
  • 馆藏检索
  • 电子资源
  • 读者导购
  • 参考咨询
  • 我的图书馆
  • 登录
  • 详细信息显示
  • 放入我的书架
  • 预约/预借图书
  • 作者相关作品
  • 分类相关作品
  • 丛书相关作品
  • 出版社相关作品

书目信息

  • 表格格式
  • 工作单格式
  • 卡片格式
题名:
上帝没有激情
    
 
作者: 刘清平
分册:  
出版信息: 武汉   湖北人民出版社  2001.03
页数: 198
开本: 20cm
丛书名:
单 册:
中图分类: B0 , B503.21
科图分类:
主题词: 哲学--欧洲
电子资源:
ISBN: 7-216-03076-1
000 00527nam0 2200193 450
001 2664022968
005 20260407174839.95
010    @a7-216-03076-1
100    @a20070904d2001 km y0chiy0120 ea
101 0  @achi
200 1  @a上帝没有激情@Ashang di mei you ji qing@f刘清平@Fliu qing ping
210    @a武汉@c湖北人民出版社@d2001.03
215    @a198@c12.50@d20cm
606 0  @a哲学@x欧洲
690    @aB0@v3
690    @aB503.21@v4
701  0 @a刘清平@Aliu qing ping
801  0 @aCN@bPFT@c20070904
905    @a213230@dB503.21@e151@f1
    
    上帝没有激情/刘清平.-武汉:湖北人民出版社,2001.03
    198:12.50;20cm
    
    
    ISBN 7-216-03076-1:
    
●
相关链接 在E读中查询图书 在五车中查询图书 在当当中查询图书 在豆瓣中查询图书


正题名:上帝没有激情     索取号:B503.21/151         预约/预借

序号 登录号 条形码 馆藏地/架位号 状态 备注
1 1442524   214425246   第一样本阅览室/ [索取号:B503.21/151] 在馆    
唐山师范学院图书馆 欢迎您!
大连网信软件有限公司© 版权所有